LEADER 01277nam0 22003011i 450 001 RML0305439 005 20231121125747.0 100 $a20121121d1963 ||||0itac50 ba 101 | $aita 102 $ait 181 1$6z01$ai $bxxxe 182 1$6z01$an 200 1 $aTeatro$eil cavalier bizzarro, escuriale, Cristoforo Colombo, Le donne al sepolcro, Pantagleize, uscita di scena, magia rossa, i ciechi, Sire Halewyn, la farsa dei tenebrosi, Maria la miserabile$fMichel de Ghelderode$ga cura di Gianni Nicoletti, Flaviarosa Rossini 210 $aTorino $cEinaudi $d1963 215 $aXXIV, 487 p.$d22 cm 606 $aLetteratura drammatica francese$x1900-1945$2FIR$3RMLC418622$9I 676 $a842.328$9$v21 700 1$aGhelderode$b, Michel : de$3RMLV171331$0193164 702 1$aNicoletti$b, Gianni$3RMLV180918 702 1$aRossini$b, Flaviarosa$3RMLV196871 801 3$aIT$bIT-01$c20121121 850 $aIT-FR0017 899 $aBiblioteca umanistica Giorgio Aprea$bFR0017 912 $aRML0305439 950 0$aBiblioteca umanistica Giorgio Aprea$d 52CIS 13/931$e 52VM 0000754755 VM barcode:00066901. - Inventario:3343 FSSVM$fA $h20080619$i20121204 977 $a 52 996 $aTeatro$989644 997 $aUNICAS LEADER 01514nam0-22004691i-450 001 990000769720403321 005 20240304112802.0 010 $a88-207-1641-0 035 $aFED01000076972 035 $a(Aleph)000076972FED01 035 $a000076972 100 $a20020821d1988----km-y0itay50------ba 101 0 $aita 102 $aIT 105 $aa-------001yy 200 1 $a<>grandi esposizioni in Italia 1861-1911$ela competizione culturale con l'Europa e la ricerca dello stile nazionale$fM. Picone Petrusa, M. R. Pessolano, A. Bianco 210 $aNapoli$cLiguori$d1988 215 $a146 p.$cill.$d30 cm 225 1 $aDisegno come scrittura/lettura$v6 610 0 $aEsposizioni universali$aItalia$a1861-1911 676 $a725.910945$v21$zita 700 1$aPicone Petrusa,$bMariantonietta$010742 701 1$aBianco,$bAssunta$010743 701 1$aPessolano,$bMaria Raffaela$036747 801 0$aIT$bUNINA$gRICA$2UNIMARC 901 $aBK 912 $a990000769720403321 952 $aARCH C 311$b1693$fFARBC 952 $a512077$fDCATA 952 $aD 178 CAN$bAR 408/115$fDARPU 952 $aD 1228 CAN$b30/2024$fDARPU 952 $a725.91 PIC 1$bBIBL.5874$fFLFBC 952 $a725.91 PIC 1 (BIS)$bDD.2692$fFLFBC 952 $aFONDO BISOGNI 67$bBISOGNI 93$fFARBC 952 $a11.585$b9824$fDARST 959 $aFLFBC 959 $aFARBC 959 $aDCATA 959 $aDARPU 959 $aDARST 996 $aGrandi esposizioni in Italia 1861-1911$9350298 997 $aUNINA